Soccer players with no vowels in their name - Statistics

General Stats
  • This quiz has been taken 35 times
    17 since last reset
  • The average score is 19 of 29
Answer Stats
First Name Last Name Player % Correct
Lxs Mc Llstr Alexis Mac Allister
83%
Cl Plmr Cole Palmer
83%
Flrn Wrtz Florian Wirtz
83%
Frnk D Jng Frenkie De Jong
83%
Rbrt Lwndwsk Robert Lewandowski
83%
Ljndr Grncho Alejandro Garnacho
75%
Dnzl Dmfrs Denzel Dumfries
75%
Jml Msl Jamal Musiala
75%
K Hvrtz Kai Havertz
75%
Kl Wlkr Kyle Walker
75%
Rfl L Rafael Leao
75%
Bk Sk Bukayo Saka
67%
Chrstn Plsc Christian Pulisic
67%
Dsn Vlhvc Dusan Vlahovic
67%
Drd Cmvng Eduardo Camavinga
67%
Mln Mrtnz Emiliano Martinez
67%
Rc Lws Rico Lewis
67%
Rml Lkk Romelu Lukaku
67%
Vktr Gkrs Viktor Gyokeres
67%
Jm Bn-Gttns Jamie Bynoe-Gittens
58%
J Cncl Joao Cancelo
58%
Lssn Bckr Alisson Becker
50%
Dnl Crvjl Daniel Carvajal
50%
Pl Dbl Paulo Dybala
50%
Vctr Smhn Victor Osimhen
50%
Ngl D Mr Angel Di Maria
42%
Dvd D G David De Gea
42%
Lmn Ml Lamine Yamal
42%
Jln Lvrz Julian Alvarez
8%
No matching quizzes found
Score Distribution
Percent of People with Each Score
Percentile by Number Answered
Your Score History
You have not taken this quiz since the last reset